Hodnotenie ľudského rozvoja

Prístupy OSN k hodnoteniu ľudského rozvoja. Ľudský rozvoj. Sociálne vylúčenie. Disparity medzi mužmi a ženami. Ľudský rozvoj a Slovensko. Úroveň ľudského rozvoja sa v prístupoch OSN hodnotí prostredníctvom štyroch ukazovateľov.

Gespeichert in:
Bibliographische Detailangaben
1. Verfasser: Dudová, Iveta
Format: Buchkapitel
Sprache:Slowakisch
Schlagworte:
Tags: Tag hinzufügen
Keine Tags, Fügen Sie das erste Tag hinzu!

MARC

LEADER 00000naa$a2200000$$$4500
001 0005350
005 20231003112933.2
041 0 |a slo 
044 |a SK 
245 1 0 |a Hodnotenie ľudského rozvoja  |c aut. Iveta Dudová 
520 |a Prístupy OSN k hodnoteniu ľudského rozvoja. Ľudský rozvoj. Sociálne vylúčenie. Disparity medzi mužmi a ženami. Ľudský rozvoj a Slovensko. Úroveň ľudského rozvoja sa v prístupoch OSN hodnotí prostredníctvom štyroch ukazovateľov. 
610 2 0 |a rozvoj sociálny 
610 2 0 |a index rozvoja ľudského 
610 2 0 |a ženy 
610 2 0 |a muži 
610 2 0 |a disparita 
610 2 0 |a svet 
610 2 0 |a Slovensko 
100 1 |a Dudová, Iveta